| 000 | 00741nam a2200289Ia 4500 | ||
|---|---|---|---|
| 005 | 20260324113148.0 | ||
| 008 | 008 260324s9999 xx 000 0 eng d | ||
| 020 | _a9781003397526 | ||
| 037 | _aEBOOK | ||
| 040 | _aCRL | ||
| 040 | _beng | ||
| 040 | _cCRL | ||
| 041 | _2eng | ||
| 041 | _aeng | ||
| 084 | _qCRL | ||
| 100 |
_aEleni Tounta _91145668 |
||
| 245 | 4 | _aThe Travels of Cristoforo Buondelmonti and Ciriaco d’Ancona in the Aegean Sea | |
| 245 | 0 | _bHumanism, Early Colonial Politics and Agency | |
| 260 | _bTaylor and Francis | ||
| 260 | _c2024 | ||
| 365 | _a | ||
| 365 | _b205 | ||
| 856 | _uhttp://www.taylorfrancis.com/books/9781003397526 | ||
| 942 | _cEBOOK | ||
| 999 |
_c1735173 _d1735173 |
||